000 00293 a2200133 4500
000 nam a22 7a 4500
100 _aR.K. Verma
110 _aR.K. Verma
245 _aPIO's Guide to RTI
250 _alatest edition
260 _bTaxmann
_c2026
264 _bTaxmann
_c2026
942 _cBK
999 _c396321
_d396321